00365ntaaa2200145 45000030003000000050017000030080021000200400037000410820017000781000023000952450034001182500041001523000011001936500015002040120251027201554.00714s1973 ag 01  aAR-BaBNbspacAR-BaBNeaacrdRIC a230.0000 D51 aDeWolf, L. Harold  aTheology of the Living Church arev. ed. : bHarper and Row, cc/960 a383 p. aTeología